00777cam a22002292 450000100060000000300080000600500170001400800390003103500190007004000270008904100080011608200180012410000260014224500800016826000500024830000240029850400370032265000330035994200120039299900170040495201260042131402BD-RjUL20211209051710.0140415s1962 ilu b 001 0 eng a(BD-RjUL)31489 aDLCcWSUdBD-RjULbeng aeng00a153bYOT 19621 aYolton, John W.9367410aThinking and perceiving :ba study in philosophy of mind /cJohn W. Yolton. aLasalle, Ill. :bOpen Court Pub. Co.,cc1962. ax, 161 p. ;c21 cm. aIncludes bibliography and index. 0aThought and thinking.995560 2ddccBK c31402d31402 00102ddc40718NFICaRUCLbRUCLcReadingd1991-05-16eCanadal0o153 YOT 1962r2014-04-15 00:00:00tC-1w2014-04-15yBK